Quyết định 38/2014/QĐ-UBND về việc quy định diện tích đất tối thiểu đối với đất ở được phép tách thửa trên địa bàn tỉnh Bình Dương

Zapisane w:
Opis bibliograficzny
1. autor: Ủy ban Nhân dân tỉnh Bình Dương
Kolejni autorzy: Trần, Văn Nam
Format: Książka
Język:Undetermined
Hasła przedmiotowe:
Dostęp online:http://lrc.tdmu.edu.vn/opac/search/detail.asp?aID=2&ID=23976
Etykiety: Dodaj etykietę
Nie ma etykietki, Dołącz pierwszą etykiete!
Thư viện lưu trữ: Trung tâm Học liệu Trường Đại học Thủ Dầu Một
LEADER 00975nam a2200157Ia 4500
001 TDMU_23976
008 210410s9999 xx 000 0 und d
082 |a 349 
100 |a Ủy ban Nhân dân tỉnh Bình Dương 
245 0 |a Quyết định 38/2014/QĐ-UBND về việc quy định diện tích đất tối thiểu đối với đất ở được phép tách thửa trên địa bàn tỉnh Bình Dương 
245 0 |c Ủy ban Nhân dân tỉnh Bình Dương 
300 |a 3Tr 
650 |a Bình Dương; Văn bản pháp luật  |e 38/2014/QĐ-UBND  |d 22/10/2014; Quyết định; Quyết định số 38; Quyết định của Ủy ban Nhân dân tỉnh Bình Dương; Đất ở; Diện tích đất tối thiểu  
700 |a Trần, Văn Nam 
856 |u http://lrc.tdmu.edu.vn/opac/search/detail.asp?aID=2&ID=23976 
980 |a Trung tâm Học liệu Trường Đại học Thủ Dầu Một